000 00436nam a2200169Ia 4500
008 131103s9999 xx 000 0 und d
040 _aLoreto College
041 _aEnglish
082 _aF/PHE
_bLCLIB/26028
100 _aPhelan,James
245 4 _aThe Hidden Years
_cJames Phelan
260 _aGreat Britain
_bFontana Collins
_c1976
300 _a201 p.
_c 18 cm.
650 _aFiction in English
850 _aLCLIB
942 _cBK
999 _c14762
_d65241